书目信息 |
| 题名: |
长号基础教程
|
|
| 作者: | 白平生 编著 | |
| 分册: | ||
| 出版信息: | 北京 中国广播电视出版社 2000 |
|
| 页数: | 231页 | |
| 开本: | 26cm | |
| 丛书名: | 流行乐器基础教程系列丛书 | |
| 单 册: | ||
| 中图分类: | J621.7 | |
| 科图分类: | ||
| 主题词: | 长号--吹奏法 , 器乐--奏法 , 器乐--演奏 | |
| 电子资源: | ||
| ISBN: | 7-5043-3420-0 | |
| 000 | 00695nam0 2200241 45 | |
| 001 | 0107110993 | |
| 005 | 20031219104057.1 | |
| 010 | @a7-5043-3420-0@dCNY22.80 | |
| 100 | @a20010711d2000 km y0chiy0120 ea | |
| 101 | 0 | @achi |
| 105 | @a z 000yy | |
| 200 | 1 | @a长号基础教程@AChang Hao Ji Chu Jiao Cheng@f白平生编著@FBai Ping Sheng Bian Zhu |
| 210 | @a北京@c中国广播电视出版社@d2000 | |
| 215 | @a231页@d26cm | |
| 225 | @a流行乐器基础教程系列丛书 | |
| 410 | @12001 @a流行乐器基础教程系列丛书 | |
| 606 | 0 | @a长号@x吹奏法 |
| 606 | 0 | @a器乐@x奏法 |
| 606 | 0 | @a器乐@x演奏 |
| 690 | @aJ621.7@v4 | |
| 701 | 0 | @a白平生@4编著 |
| 801 | @aCN@bTSTC@c20010711 | |
| 905 | @b313867-869@dJ621.7@e97@f3 | |
| 长号基础教程/白平生编著.-北京:中国广播电视出版社,2000 |
| 231页;26cm.-(流行乐器基础教程系列丛书) |
| ISBN 7-5043-3420-0:CNY22.80 |
| ● |
| 相关链接 |
|
|
|
|
正题名:长号基础教程
索取号:J621.7/97
 
预约/预借
| 序号 | 登录号 | 条形码 | 馆藏地/架位号 | 状态 | 备注 |
| 1 | 0313867 | 203138675 | 第一借阅区/ [索取号:J621.7/97] | 在馆 | |
| 2 | 0313868 | 203138684 | 第一借阅区/ [索取号:J621.7/97] | 在馆 | |
| 3 | 0313869 | 203138693 | 第一样本阅览室/ [索取号:J621.7/97] | 在馆 | |
| 4 | 0321245 | 203212451 | 第一借阅区/ [索取号:J621.7/97] | 在馆 | |
| 5 | 0321246 | 203212460 | 第一借阅区/ [索取号:J621.7/97] | 在馆 | |
| 6 | 0321247 | 203212479 | 第一借阅区/ [索取号:J621.7/97] | 在馆 | |
| 7 | 0321248 | 203212488 | 第一借阅区/ [索取号:J621.7/97] | 在馆 | |
| 8 | 0321249 | 203212497 | 第一借阅区/ [索取号:J621.7/97] | 在馆 |